Personnalités nées dans les années 1980 par images - Statistiques

Statistiques générales
  • Ce quiz a été pris 1 359 fois
  • Le résultat moyen est 16 sur 20
Statistiques - réponses
Par images Hint Réponse % Correct
1985 Cristiano Ronaldo
98%
1985 Stromae
97%
1982 Orelsan
93%
1986 Rafael Nadal
93%
1989 Teddy Riner
93%
1989 Pierre Niney
92%
1983 Keen 'V
89%
1980 Kim Kardashian
89%
1984 Mark Zuckerberg
88%
1989 Gabriel Attal
84%
1987 Artus
82%
1984 LeBron James
81%
1984 Kim Jong-un
80%
1986 DJ Snake
76%
1980 Philippe Lacheau
72%
1986 Jeff Panacloc
69%
1985 Cyril Féraud
62%
1982 Frédéric Molas
62%
1985 Michael Phelps
54%
1985 Mohammed ben Salmane
20%
Aucun quiz correspondant
Distribution des résultats
% des personnes avec chaque résultat
Percentile par nombre de réponses
Votre historique - résultats
Vous n’avez pas pris ce quiz